[Event "Gyor Amateur op 15th"]
[Site "Gyor"]
[Date "2019.01.05"]
[Round "3"]
[White "Gaal, Alexander"]
[Black "Pechy, Zoltan Peter"]
[Result "1-0"]
[WhiteElo "1927"]
[BlackElo "1485"]
[PlyCount "119"]
[EventDate "2019.01.05"]
[EventType "swiss"]
[EventRounds "5"]
[EventCountry "HUN"]
[SourceTitle "CBM 190 Extra"]
[Source "ChessBase"]
[SourceDate "2019.07.15"]
[SourceVersion "1"]
[SourceVersionDate "2019.07.15"]
[SourceQuality "1"]

1. c4 c5 2. Nc3 Nf6 3. Nf3 b6 4. d4 cxd4 5. Nxd4 Bb7 6. Qd3 Na6 7. f3 Nb4 8. Qd1 e6 9. a3 Nc6 10. e4 Bc5 11. Be3 0-0 12. b4 Bxd4 13. Bxd4 d5 14. Bf2 dxe4 15. fxe4 Ne5 16. Bg3 Nfd7 17. Be2 Qf6 18. Rf1 Qe7 19. Qd4 f6 20. Kf2 Rad8 21. Qe3 Ba6 22. b5 Bc8 23. Na4 Bb7 24. Kg1 Rc8 25. Bf2 Nxc4 26. Qd4 Nce5 27. Be1 Rfd8 28. Bb4 Qe8 29. Qe3 Nc4 30. Qg3 Bxe4 31. Rf4 f5 32. Nc3 Bd5 33. Nxd5 exd5 34. Bxc4 Rxc4 35. Rxf5 Qe4 36. Raf1 Qe6 37. Qf3 Nf6 38. Qg3 Rg4 39. Qc7 Rd7 40. Qb8+ Kf7 41. h3 Re4 42. Qh8 Qe8 43. Qxh7 Ke6 44. Rxf6+ gxf6 45. Qf5+ Kf7 46. Qxf6+ Kg8 47. Qg5+ Kh7 48. Qf5+ Kh8 49. Rf3 Re1+ 50. Bxe1 Qxe1+ 51. Kh2 Rg7 52. Qxd5 Kh7 53. Qf5+ Kg8 54. Rd3 Qe8 55. Rg3 Qb8 56. Qd5+ Kh7 57. Qd3+ Kg8 58. h4 Qf4 59. Kh3 Kf7 60. Qd7+ 1-0